Words That Appear in "Lord of the Rings" - Sudden Death - Statistics

General Stats
  • This quiz has been taken 21,525 times
  • The average score is 20 of 26
Answers on the Grid
Answers color-coded by a green-red scale on the quiz's grid according to % correct below.
America
Balrog
Boudica
Bree
Cannon
Centaur
Doom
Eagle
Elevenses
Ent
Fellowship
Fireworks
Gandalf
Gollum
Hippogryph
Hobbit
Merlin
Mines
Mordor
Palantír
Peregrin
Precious
Secretariat
Senate
Sexy
Shadowfax
Shire
Smote
Strider
Tiger
Trillion
Troll
Unicorn
Usury
Valyria
Verily
Wine
Wizard
Wormtongue
Wraith
 
Answer Stats
Answer % Correct
Gandalf
92%
Hobbit
92%
Gollum
91%
Fellowship
89%
Balrog
88%
Mordor
88%
Wizard
85%
Doom
84%
Precious
84%
Shire
84%
Troll
83%
Eagle
79%
Mines
77%
Elevenses
76%
Ent
76%
Wine
75%
Wraith
72%
Strider
70%
Peregrin
68%
Fireworks
66%
Palantír
66%
Shadowfax
65%
Wormtongue
65%
Bree
64%
Smote
62%
Verily
54%
No matching quizzes found
Score Distribution
Percent of People with Each Score
Percentile by Number Answered
Your Score History
You have not taken this quiz